Estado actual de los Estudios sobre el Jesús Histórico después del Bultmann (Registro nro. 50186)
[ vista simple ]
| 000 -LÍDER | |
|---|---|
| Campo fijo de descripción fija | 011330000a22002170004500 |
| 001 - NÚMERO DE CONTROL | |
| Campo de control | 768714001 |
| 003 - IDENTIFICADOR DEL NÚMERO DE CONTROL | |
| Campo de control | CO-MdFUSB |
| 005 - FECHA Y HORA DE LA ULTIMA TRANSACCIÓN | |
| control field | 20161104153222.0 |
| 008 - ELEMENTOS DE LONGITUD FIJA -- INFORMACIÓN GENERAL | |
| Campo fijo de descripción fija -- Información general | 161104s1996 sp ||||| |||| 00| 0 spa d |
| 022 ## - NÚMERO INTERNACIONAL NORMALIZADO PARA PUBLICACIONES SERIADAS | |
| Número Internacional Normalizado para Publicaciones Seriadas | 0014-1437 |
| 040 ## - FUENTE DE CATALOGACIÓN | |
| Agencia Catalogadora | CO-MdFUSB |
| Idioma de catalogación | spa |
| Agencia que realiza la transcripción | CO-MdFUSB |
| Agencia que realiza la modificación | CO-MdFUSB |
| 041 ## - CÓDIGO DE IDIOMA | |
| Código de idioma para texto/pista de sonido o título separado | spa |
| 100 1# - ASIENTO PRINCIPAL--NOMBRE PERSONAL | |
| Nombre personal | Aguirre, Rafael (1937-) |
| Término relacionador | autor |
| 245 10 - TÍTULO | |
| Título | Estado actual de los Estudios sobre el Jesús Histórico después del Bultmann |
| 300 ## - DESCRIPCIÓN FÍSICA | |
| Extensión | Volumen 54, número 4 (1996), Páginas 433-463 |
| Dimensiones | 23 cm. |
| 520 ## - NOTA DE RESUMEN, ETC. | |
| Nota de sumario, etc. | En torno a 1980 se inició, principalmente en el mundo anglosajón, a una nueva etapa en los estudios sobre “el Jesús de la historia”. Es la “tercera búsqueda” (en torno a Jesús) tras el enfoque de la teología liberal y los planteamientos de R. Bultman y sus discípulos. Este artículo analiza los principios metodológicos de la nueva tendencia y describe la aportación de sus más significados representantes |
| 546 ## - NOTA DE IDIOMA | |
| Nota de idioma | Texto en Español |
| 653 ## - TÉRMINO DE INDIZACIÓN - NO CONTROLADO | |
| Término no controlado | Jesús Histórico |
| 773 0# - ASIENTO DE ITEM FUENTE | |
| Título | Estudios Bíblicos |
| Biblionumber | 49452 |
| Itemnumber | 60479 |
| Parte(s) relacionada(s) / Volumen., número. (mes año), páginas | Volumen 54, número 4 (1996), Páginas 433-463 |
| Enumeración y primera página | Páginas 433 |
| 942 ## - TIPO DE MATERIAL (KOHA) | |
| Tipo de Item KOHA | Artículos de Revista |
| Expurgo - (Retirado) | Estado de Perdido | Estado de Dañado | No prestable | Colección | Ubicación habitual | Ubicación actual | Fecha de Adquisición | Signatura Topográfica | Tipo de Material |
|---|---|---|---|---|---|---|---|---|---|
| Colección de Hemeroteca | Biblioteca FUSBC | Biblioteca FUSBC | 26/01/2016 | Artículos de Revista |
